MARC details
| 000 -CABECERA |
| campo de control de longitud fija |
01086cam a2200277 a 4500 |
| 001 - NÚMERO DE CONTROL |
| campo de control |
000012036 |
| 005 - FECHA Y HORA DE LA ÚLTIMA TRANSACCIÓN |
| campo de control |
20200929162651.0 |
| 008 - DATOS DE LONGITUD FIJA--INFORMACIÓN GENERAL |
| campo de control de longitud fija |
940802s1993 ck 000 f spa |
| 020 ## - NÚMERO INTERNACIONAL ESTÁNDAR DEL LIBRO |
| Número Internacional Estándar del Libro |
9586121607 |
| 035 ## - NÚMERO DE CONTROL DEL SISTEMA |
| Número de control de sistema |
(DLC) 94190483 |
| 040 ## - FUENTE DE LA CATALOGACIÓN |
| Centro catalogador/agencia de origen |
DO-SdBNP |
| Centro/agencia transcriptor |
DLC |
| Centro/agencia modificador |
BNPHU |
| 050 00 - SIGNATURA TOPOGRÁFICA DE LA BIBLIOTECA DEL CONGRESO |
| Número de clasificación |
MLCS 97/10240 (P) |
| 082 ## - NÚMERO DE LA CLASIFICACIÓN DECIMAL DEWEY |
| Número de clasificación |
nn |
| Número de documento/Ítem |
A594r |
| 049 ## - FONDOS LOCALES (OCLC) |
| Fondos de biblioteca |
BNGR |
| 100 1# - ENTRADA PRINCIPAL--NOMBRE DE PERSONA |
| Nombre de persona |
Angulo Ponce, María Juana, |
| Fechas asociadas al nombre |
1931- |
| 9 (RLIN) |
28473 |
| 245 10 - MENCIÓN DE TÍTULO |
| Título |
Relatos de mar y selva / |
| Mención de responsabilidad, etc. |
María Juana Angulo Ponce, Carlina Andrade ; recopilador, Alfredo Vanin. |
| 260 ## - PUBLICACIÓN, DISTRIBUCIÓN, ETC. |
| Lugar de publicación, distribución, etc. |
Santafé de Bogota, (Colombia) : |
| Nombre del editor, distribuidor, etc. |
Colcultura, |
| Fecha de publicación, distribución, etc. |
1993. |
| 300 ## - DESCRIPCIÓN FÍSICA |
| Extensión |
62 p. ; |
| Dimensiones |
21 cm. |
| 490 1# - MENCIÓN DE SERIE |
| Mención de serie |
Premios nacionales '93 |
| -- |
Literatura oral negra y raizal exqequo |
| 500 ## - NOTA GENERAL |
| Nota general |
"Premios nacionales '93. Literatura oral negra y raizal ex-aequo"--Cover. |
| 586 ## - NOTA DE PREMIOS |
| Nota de premios |
Premios nacional al rescate de la tradición negra y raizal, 1993. |
| 700 1# - PUNTO DE ACCESO ADICIONAL--NOMBRE DE PERSONA |
| Nombre de persona |
Andrade, Carlina, |
| Fechas asociadas al nombre |
1931- |
| 9 (RLIN) |
28474 |
| 700 1# - PUNTO DE ACCESO ADICIONAL--NOMBRE DE PERSONA |
| Nombre de persona |
Vanin, Alfredo, |
| Fechas asociadas al nombre |
1950- |
| 9 (RLIN) |
28475 |
| 830 #0 - PUNTO DE ACCESO ADICIONAL DE SERIE-TÍTULO UNIFORME |
| Título uniforme |
Premios nacionales '93 |
| Nombre de parte o sección de la obra |
Literatura oral negra y raizal exqequo |
| 9 (RLIN) |
28476 |
| 910 ## - DATOS DE OPCIÓN DEL USUARIO (OCLC) |
| Datos de opción del usuario |
Catalogación por copia / LC |